000 00552nam a2200193Ia 4500
003 OSt
005 20260514161117.0
008 210210b1994 xxu||||| |||| 00| 0 eng d
040 _cAL
041 _aTulu
082 _aT894.3 JANK
100 _aJANAKI BRAHMAVARA (M).
_dಕುದುರೆದ ಕೇದಗೆ
_9263972
245 _aKudurada kedage.
_bಜಾನಕಿ ಬ್ರಹ್ಮಾವರ (ಎಂ)
260 _aMangaluru
_bHemanshu Prakashana
_c1994
300 _a83,iv
690 _aTulu Fiction
_9263973
906 _a049499
942 _2ddc
_cBK
999 _c98248
_d98248